Miejska Biblioteka Publiczna w Biskupcu
| Titel: | Miejska Biblioteka Publiczna w Biskupcu |
|---|---|
| Verfasser: | |
| In: |
Bibliotekarz Olsztyński, (1996), Seite 74-77 alle Artikel anzeigen |
| Veröffentlicht: | 1996 [Jubiläumsausgabe] |
| Format: | Aufsatz |
| Sprache: | Polnisch |
X
alg: 39351199 001A $01999:12-11-16 001B $01999:22-05-21 $t21:59:02.000 001D $01999:12-11-16 001U $0utf8 001X $00 002@ $0Aox 003@ $0393511995 007A $0393511995 $aHEB 007T $0Herdt02243 010@ $apol 011@ $a1996 $n1996 [Jubiläumsausgabe] 021A $aMiejska Biblioteka Publiczna w Biskupcu 027A $aDie Öffentliche Stadtbibliothek in Bischofsburg 028A $aWawrykiewicz $dBarbara 031A $h74-77 $j1996 039B $aIn $8--Abvc--. Bibliotekarz Olsztyński. - Olsztyn : Woj. Bibl. Publ., 1983-1998. - ISSN 1426-4218 $x199600000000000926 $9287103307 045F $a307.094382 $eDDC23BSB 045F/01 $a307.09 045F/03 $g4382 045F/03 $g43832 046C $aDie Öffentliche Stadtbibliothek in Bischofsburg $bÜbers. des Hauptsacht. lok: 39351199 78 exp: 39351199 78 1 #EPN 201B/01 $018-11-16 $t09:03:07.000 201U/01 $0utf8 203@/01 $0789622432 208@/01 $a12-11-16 $be 209A/01 $a/ $f000 $x00 220C/01 $aTitelaufnehmer: uz 244Z/01 $2Trx $#Prusy Wschodnie i Zachodnie $8--Trx--Ost- und Westpreußen $x01 $939113373X 244Z/01 $2Trx $#Bischofsburg Rößel $#Biskupiec Reszelski $8--Trx--Biskupiec$gReszel $x02 $9391190164 244Z/01 $2Trx $#raamatukogud üldised $#bibliotekos bendras $#Libraries general $#könyvtárak általános $#biblioteki ogólnie $#knižnice všeobecne $#knihovny všeobecně $8--Trx--Bibliotheken$gallgemein $x03 $9391362151 244Z/01 $2Trx $8--Trx--Zeitschriftenaufsatz $x04 $9391384341 245Z/01 $a13.03 $x01 245Z/01 $a11.06 $x02 247C/01 $82080>Marburg/Lahn, Herder-Institut, Forschungsbibliothek, Bibliographieportal $9336309341
| LEADER | 00000caa a22000002c 4500 | ||
|---|---|---|---|
| 001 | 393511995 | ||
| 003 | DE-603 | ||
| 005 | 20210522215902.0 | ||
| 007 | tu | ||
| 008 | 161112s1996 xx |||| | u00||u|pol c | ||
| 035 | |a (DE-599)HEB393511995 | ||
| 040 | |a DE-603 |b ger |c DE-603 |d DE-603 | ||
| 041 | |a pol | ||
| 082 | 0 | 4 | |8 1\u |a 307.094382 |q DE-101 |2 23/BSB |
| 085 | |8 1\u |b 307.09 | ||
| 085 | |8 1\u |z 2 |s 4382 | ||
| 085 | |8 1\u |z 2 |s 43832 | ||
| 100 | 1 | |a Wawrykiewicz, Barbara | |
| 245 | 0 | 0 | |a Miejska Biblioteka Publiczna w Biskupcu |
| 246 | 1 | |i Übers. des Hauptsacht. |a Die Öffentliche Stadtbibliothek in Bischofsburg | |
| 246 | 1 | 3 | |a Die Öffentliche Stadtbibliothek in Bischofsburg |
| 264 | 0 | |c 1996 [Jubiläumsausgabe] | |
| 773 | 0 | 8 | |i In |t Bibliotekarz Olsztyński |d Olsztyn : Woj. Bibl. Publ., 1983-1998 |x 1426-4218 |g (1996), Seite 74-77 |w (DE-603)287103307 |w (DE-600)2645626-6 |
| 924 | 0 | |9 2080 |a (DE-603)789622432 |b DE-2080 |c HES |d d |g / | |


